000 00756nam a2200253Ia 4500
003 OSt
005 20220923211206.0
006 a|||||r|||| 00| 0
007 ta
008 Pun
020 _a8765421X (hbk)
_c200
024 _a260,172
037 _b643, 22/03/2012, H.K. Prakashan
_cTextual
040 _aARTS
_cARTS
_bPun
041 _2Pun
_aPun
082 _aO153:g, P9
100 _aਸ. ਸੋਗ਼
_9159371
245 0 _aਗ਼ਾਵੀਏ
260 _aਦਿੱਲੀ
_b ਮਨਪ੍ਰੀਤ ਪ੍ਰਕਾFਨ
_c2009
300 _a152ਪੰ
_ccm.
650 _aਭੱਜ਼ਾਂਸ਼. ਸਾਂFੲਛ
_9159372
942 _hO153:g, P9
_cTEXL
_2CC
999 _c296599
_d296599